000 00649nam a2200169Ia 4500
999 _c2757
_d2757
003 DO-SdBJH
005 20180418012540.0
008 180414s9999 dr 000 0 spa d
040 _aDO-SdBJH
_bspa
_cDO-SdBJH
090 _aDM FB 030 1994
110 _aEscuela de comando y estado mayor del Ejército de EE.UU.
245 1 0 _aFB 030 Principios de las operaciones tácticas / Instituto de Cooperación para la Seguridad Hemisférica
260 _aFort Leavenworth, Kansas : Escuela de comando y estado mayor del Ejército de EE.UU., 1994
300 _aiv, 521 páginas en varias paginaciones
650 4 _aOperaciones tácticas
942 _2ddc
_cBK